| 000 | 00521nam a2200217Ia 4500 | ||
|---|---|---|---|
| 008 | 210210b2018 xxu||||| |||| 00| 0 eng d | ||
| 020 | _a9780199489398 | ||
| 041 | _aeng | ||
| 082 | _a338.954 INDE | ||
| 100 | _aINDIA (Government of) | ||
| 245 | _aEconomic survey 2017-18 Vol II | ||
| 260 |
_aNew Delhi _bOxford University Press _c2018 |
||
| 300 | _axi,344 | ||
| 650 | _aVol | ||
| 650 | _asurvey | ||
| 650 | _aII | ||
| 650 | _aEconomic | ||
| 650 | _a2017-18 | ||
| 690 | _aIndian Economics | ||
| 906 | _a072328 | ||
| 999 |
_c122196 _d122196 |
||